000 00798nam a2200217 a 4500
005 20210223122008.0
008 991125s1985 mx 000 0 spa u
020 _a9688052922
035 _aUPN01000027455
049 _aCG
050 4 _aF1234.5
_bM8.5
100 1 _aMúgica Velázquez, Francisco José,
_d1884-1954
_924499
245 1 0 _aHechos, no palabras-- /
_cFrancisco José Múgica.
260 _aMéxico :
_bINEHRM,
_c1985.
300 _a2 v.
500 _aEdición Facsimilar : Primera edición, 1918
500 _aComisión Nacional para las celebraciones del 175 aniversario de la Independencia Nacional y 75 aniversario de la Revolución Mexicana
600 1 4 _aMUGICA VELAZQUEZ, FRANCISCO JOSE,
_d1884-1954
_924499
651 4 _aMEXICO -
_xHISTORIA -
_vFUENTES
_99914
905 _aLibro
999 _c27455
_d27455